LEADER 01090nam0-2200325 --450 001 9910846099003321 005 20240423111703.0 010 $a9791259990990 100 $a20240423d2023----kmuy0itay5050 ba 101 0 $aita$cita 102 $aIT 105 $ay 001yy 200 1 $aCronisti in guerra$e[donne e uomini, inviati storici, giovani emergenti, freelance sul terreno dell'Ucraina]$fAlberto Ferrigolo, Sofia Gadici 210 $a[Roma]$cAll Around$d2023 215 $a140 p.$d18 cm 225 1 $aFocus 300 $aComplemento del titolo dalla copertina 300 $aIn cop.: Intervista a Fausto Biloslavo ... [et al.] 610 0 $aUcraina$aGuerre con la Russia$aInformazione da parte di Giornalisti 676 $a070.4333$v23$zita 700 1$aFerrigolo,$bAlberto$f<1956- >$01735534 701 1$aGadici,$bSofia$01735535 702 1$aBiloslavo,$bFausto 801 0$aIT$bUNINA$gREICAT$2UNIMARC 901 $aBK 912 $a9910846099003321 952 $aSTO 232$b1166/2024$fFSPBC 959 $aFSPBC 996 $aCronisti in guerra$94154754 997 $aUNINA LEADER 02411nam 2200601Ia 450 001 9910973551803321 005 20251116164012.0 010 $a0-8232-5163-2 010 $a0-8232-5296-5 010 $a0-8232-5164-0 035 $a(CKB)3170000000060606 035 $a(EBL)3239796 035 $a(SSID)ssj0000835859 035 $a(PQKBManifestationID)11461954 035 $a(PQKBTitleCode)TC0000835859 035 $a(PQKBWorkID)10996859 035 $a(PQKB)10169127 035 $a(StDuBDS)EDZ0000173394 035 $a(MiAaPQ)EBC3239796 035 $a(OCoLC)847623351 035 $a(MdBmJHUP)muse22174 035 $a(Au-PeEL)EBL3239796 035 $a(CaPaEBR)ebr10667445 035 $a(OCoLC)923764114 035 $a(EXLCZ)993170000000060606 100 $a20121030d2013 uy 0 101 0 $aeng 135 $aur|n|---||||| 181 $ctxt 182 $cc 183 $acr 200 00$aOn religion and memory /$fedited by Babette Hellemans, Willemien Otten, and Burcht Pranger 205 $a1st ed. 210 $aNew York $cFordham University Press$d2013 215 $a1 online resource (288 p.) 300 $aDescription based upon print version of record. 311 08$a0-8232-5162-4 320 $aIncludes bibliographical references. 327 $a""Contents""; ""Abbreviations""; ""Preface""; ""Introduction: On Religion and Pastness""; ""Chapter 1""; ""Chapter 2""; ""Chapter 3""; ""Chapter 4""; ""Chapter 5""; ""Chapter 6""; ""Chapter 7""; ""Chapter 8""; ""Chapter 9""; ""Chapter 10""; ""Chapter 11""; ""Chapter 12""; ""Notes""; ""Contributors"" 330 8 $aThis volume explores the status of temporality in a selection of sources ranging from Augustine to Virginia Woolf. The volume's essays, expressed by a number of Christian religious thinkers, take up Augustine's paradox of time: how to account for the continuity of history and the certitude of memory if the indivisible 'now' of time cuts off any extension? 606 $aTime$xReligious aspects$xChristianity 615 0$aTime$xReligious aspects$xChristianity. 676 $a231.7 701 $aHellemans$b Babette$0756157 701 $aOtten$b Willemien$0538051 701 $aPranger$b Burcht$f1945-$01870669 801 0$bMiAaPQ 801 1$bMiAaPQ 801 2$bMiAaPQ 906 $aBOOK 912 $a9910973551803321 996 $aOn religion and memory$94479211 997 $aUNINA